[Event "Ambes op 2nd"]
[Site "Ambes"]
[Date "2009.04.12"]
[Round "2"]
[White "Jourdain, Eric"]
[Black "Barbot, Pierre1111"]
[Result "0-1"]
[WhiteElo "1270"]
[BlackElo "1660"]
[PlyCount "140"]
[EventDate "2009.04.11"]
[EventType "swiss"]
[EventRounds "9"]
[EventCountry "FRA"]
[SourceTitle "EXT 2012"]
[Source "ChessBase"]
[SourceDate "2011.11.24"]
[SourceVersion "1"]
[SourceVersionDate "2011.11.24"]
[SourceQuality "1"]

1. e4 d5 2. exd5 Qxd5 3. Nc3 Qa5 4. d4 Nf6 5. Bd2 c6 6. Nf3 Bf5 7. Bc4 e6 8. Ne4 Qd8 9. Ng3 Bg6 10. 0-0 Nbd7 11. Re1 Be7 12. c3 Nd5 13. Bxd5 cxd5 14. Qc1 0-0 15. Ne5 Nxe5 16. dxe5 Rc8 17. Be3 Bc5 18. Bxc5 Rxc5 19. Qd2 Qb6 20. b3 Rd8 21. Ne2 Qc7 22. Rac1 Qxe5 23. Qd4 Qxd4 24. cxd4 Rcc8 25. Rxc8 Rxc8 26. Rc1 Rxc1+ 27. Nxc1 Kf8 28. f4 Ke7 29. Kf2 h5 30. Ke3 Be4 31. g3 Kf6 32. Ne2 Kf5 33. Nc3 Bc2 34. Nb5 Bb1 35. Nxa7 Bxa2 36. b4 Bc4 37. Nc8 b5 38. Nd6+ Kg6 39. h3 f5 40. Ne8 h4 41. gxh4 Bf1 42. Nc7 Kf7 43. Kf2 Bc4 44. Ke3 Ke7 45. Na6 Bf1 46. Nc5 Bxh3 47. Nd3 Kf6 48. Ne5 Bf1 49. Kf2 Bc4 50. Ke3 g6 51. Nd7+ Kg7 52. Ne5 Kh6 53. Nf3 Kh5 54. Ne5 Bb3 55. Kf3 Bd1+ 56. Ke3 Bg4 57. Kf2 Bd1 58. Ke3 Kxh4 59. Nxg6+ Kg3 60. Ne5 Bg4 61. Nd7 Bh5 62. Nc5 e5 63. dxe5 d4+ 64. Kxd4 Kxf4 65. Nd7 Kg5 66. e6 f4 67. Ne5 f3 68. Nxf3+ Bxf3 69. e7 Bc6 70. Kc5 Be8 0-1